000 00794nam a2200241Ia 4500
001 5195
008 150430s1985 ii a g b000 u 465 u
082 _a547.7
100 _aChatwal, Gurdeep R..
245 0 _aOrganic Chemistry of Natural Products /
_cGurdeep R. Chatwal.
_hTextual Documents
250 _a2nd rev ed. /
260 _aBombay :
_bHimalaya Publishing ,
_c1985.
300 _aviii, 629p. :
_bill. ;
_c22cm .
500 _aEdited by M. Arora
653 _aOrganic Chemistry of Natural Products
653 _aNatural Products
653 _aPG-Chemistry
653 _aOrganic Chemistry of Natural Products
653 _aG -Che
653 _aG - Che
856 _uAcc no- 83949,83947 Organic Chemistry of Natural Products Shifted From PG Sec To General Sec
942 _2ddc
_cBK
999 _c5182
_d5182